| 000 | 00655nam a2200205 a 4500 | ||
|---|---|---|---|
| 001 | 2706 | ||
| 003 | CDMR | ||
| 005 | 20130515135851.0 | ||
| 008 | 130130s1999||||||||||||||||||||||||||||d | ||
| 020 | _a8449306043 | ||
| 040 |
_aCDMR _bcat _cCPC GIRONA |
||
| 100 | 1 |
_aFernández Díez, Federico _92033 |
|
| 245 | 1 | 0 |
_aManual básico de lenguaje y narrativa audiovisual _cFederico Fernández Díez, José Martínez Abadía |
| 260 |
_cDL 1998 _bPaidós _aBarcelona |
||
| 300 | _a269 p. | ||
| 490 | 0 |
_aPapeles de Comunicación _v22 |
|
| 650 | 0 | 4 |
_92084 _aComunicació audiovisual _xManuals, guies, etc. |
| 700 | 1 |
_93359 _aMartínez Abadía, José |
|
| 942 |
_cMON _2udc |
||
| 999 |
_c2706 _d2706 |
||